000 00732nam a22002537a 4500
001 68697
003 DO-SdBNP
005 20180126123745.0
007 68697
008 981203s1998 sp | ||| ||spa
016 7 _2BPMSU
020 _a8420447897
040 _aBPMSU
_bspa
_cBPMSU
100 1 _aPaterson, Katherine
240 1 4 _aThe great Gilly Hopkins
_lEspañol
245 1 3 _aLa gran Gilly Hopkins /
_cKatherine Paterson ; traducción de Alonso Carnicer McDermott
260 _aMadrid :
_bAlfaguara,
_c1998
300 _a152 p.:
_c20 cm.
490 _aBiblioteca juvenil
830 _pBiblioteca juvenil
_v41
942 _2ddc
_cBK
945 _aInventariado, 2018/MFF
956 _aVMATEO
_210
_320151119
_6BPMSU
_800151
999 _c8826
_d8826